000 00398nam a2200133Ia 4500
005 20260328101505.0
008 260328s9999||||xx |||||||||||||| ||und||
100 _aDepartment of Housing and Urban Development
245 0 _aUniform federal accessibility standards /
_cDepartment of Housing and Urban Development
260 _b----
300 _a89 p.
650 _aMEDIDAS Y DIMENSIONES
942 _cBK
999 _c9006
_d9006